000 00641nam a22002057a 4500
003 OSt
005 20230125090038.0
008 220921b |||||||| |||| 00| 0 eng d
040 _cBiblioteca Lado V
082 _a701
_bK19c
100 _eautor
_9596
_aKatzenstein, Inés
245 _aCAMBRE/
260 _bVASARI
_c2009
300 _a34p.
_c24x28cm
650 _2Tesauro de Arte & Arquitectura
_aGALERIA
650 _2Tesauro de Arte & Arquitectura
_aTEORIA
650 _2Tesauro de Arte & Arquitectura
_aJUAN JOSE CAMBRE
650 _2Tesauro de Arte & Arquitectura
_aARTE
942 _2ddc
_c1
_h701
_iK19c
_n0
999 _c2859
_d2859